000
00348 a2200169 4500
001
14851
020
_a
9788581841564
040
_c
Anchieta - Aquarius
100
_a
Hest, Pimm van
240
1
0
_a
Em fuga
_l
por
245
1
0
_a
Em fuga
300
_a
32
362
0
_a
2018
440
1
_a
GaudÃ
650
4
_a
Literatura infanto-juvenil
942
_c
BK
999
_c
14851
_d
14851